[Event "DOM-chT"]
[Site "Santiago de los Caballeros"]
[Date "2017.08.20"]
[Round "6.2"]
[White "Arvelo Leo, Gian Carlo"]
[Black "Paulino Rijo, Luis Alejandro"]
[Result "1-0"]
[WhiteElo "2241"]
[BlackElo "1757"]
[PlyCount "89"]
[EventDate "2017.08.17"]
[EventType "team-swiss"]
[EventRounds "6"]
[EventCountry "DOM"]
[SourceTitle "EXT 2019"]
[Source "ChessBase"]
[SourceDate "2018.10.10"]
[SourceVersion "1"]
[SourceVersionDate "2018.10.10"]
[SourceQuality "1"]
[WhiteTeam "Therrestra Espaillat"]
[BlackTeam "San Pedro de Macoris"]
[WhiteTeamCountry "DOM"]
[BlackTeamCountry "DOM"]

1. c4 c5 2. g3 e6 3. Nf3 Nc6 4. Bg2 Nf6 5. 0-0 Be7 6. Nc3 d5 7. cxd5 exd5 8. d4 cxd4 9. Nxd4 0-0 10. Bg5 Be6 11. Nxc6 bxc6 12. Na4 Qa5 13. Rc1 Rac8 14. Bxf6 Bxf6 15. Rc5 Qa6 16. b4 Be7 17. Ra5 Qb7 18. a3 Bd8 19. Nc5 Qe7 20. Ra6 Bb6 21. Qd4 Bxc5 22. Qxc5 Qxc5 23. bxc5 Rc7 24. Rb1 Re8 25. Rb2 g5 26. Ra4 Kg7 27. Rab4 Ree7 28. a4 Bc8 29. e3 f5 30. Kf1 Rb7 31. Ke2 a5 32. Rb6 Kf7 33. Kd2 Ke8 34. Bf1 Rec7 35. Bd3 Rxb6 36. Rxb6 Kd8 37. Kc3 Bb7 38. Bxf5 Rf7 39. g4 Kc7 40. Kd4 h5 41. h3 hxg4 42. hxg4 Re7 43. f3 Re8 44. e4 dxe4 45. fxe4 1-0

[Event "DOM-chT"]
[Site "Santiago de los Caballeros"]
[Date "2017.08.19"]
[Round "5.2"]
[White "Paulino Rijo, Luis Alejandro"]
[Black "Gil Lauriano, Saury"]
[Result "1-0"]
[WhiteElo "1757"]
[BlackElo "1879"]
[PlyCount "73"]
[EventDate "2017.08.17"]
[EventType "team-swiss"]
[EventRounds "6"]
[EventCountry "DOM"]
[SourceTitle "EXT 2019"]
[Source "ChessBase"]
[SourceDate "2018.10.10"]
[SourceVersion "1"]
[SourceVersionDate "2018.10.10"]
[SourceQuality "1"]
[WhiteTeam "San Pedro de Macoris"]
[BlackTeam "Hato Mayor"]
[WhiteTeamCountry "DOM"]
[BlackTeamCountry "DOM"]

1. d4 d5 2. c4 e5 3. e3 exd4 4. Qxd4 Nc6 5. Qxd5 Qxd5 6. cxd5 Nb4 7. Bb5+ Bd7 8. Bxd7+ Kxd7 9. Na3 Nf6 10. Ke2 Nbxd5 11. Nc4 b5 12. Ne5+ Ke6 13. Ngf3 h6 14. Bd2 c5 15. a4 Bd6 16. Nc6 b4 17. Na5 Rac8 18. Nc4 Rhd8 19. Rhd1 Bb8 20. Be1 Ne4 21. Rac1 f6 22. Nfd2 Nxd2 23. Rxd2 Nb6 24. Nxb6 Rxd2+ 25. Bxd2 axb6 26. Bxb4 Be5 27. Bc3 Bxc3 28. Rxc3 c4 29. e4 g5 30. b3 Ke5 31. Ke3 f5 32. exf5 cxb3 33. Rxb3 Kxf5 34. Rb5+ Kg4 35. f3+ Kh4 36. Rb4+ Kh5 37. Rxb6 1-0